[Event "DVM U10 2020"]
[Site "Magdeburg GER"]
[Date "2021.08.08"]
[Round "7"]
[White "Kovalskyy, Alicia"]
[Black "Burban, Bogdan"]
[Result "1-0"]
[Termination "normal"]
[Board "5.4"]
[WhiteElo "794"]
[BlackElo "794"]
[WhiteTeam "Düsseldorfer Schachverein 1854"]
[BlackTeam "SchachAkademiePaderborn e. V."]
[PlyCount "59"]
[WhiteFideId "34612130"]
[BlackFideId "34609040"]
[EventCountry "GER"]
[EventRounds "7"]
[EventType "team-swiss"]
[EventDate "2021.08.06"]

{[%evp 0,28,12,11,40,40,24,22,26,47,7,5,51,9,0,-47,-14,-80,-62,-81,-31,-169,
-175,-276,-95,-118,77,-312,-312,-311,-285] normal} 1. e4 e6 2. d4 d5 3. Nc3 Nf6
4. e5 Nfd7 5. Nf3 a6 6. Bd3 c5 7. Be3 Qb6 8. Qd2 Qxb2 9. O-O Nc6 10. Qe1 cxd4
11. Nxd4 Ndxe5 12. Nxc6 Nxc6 13. Qd2 d4 14. Bxd4 Nxd4 15. a4 Qb6 16. a5 Qc7 17.
Bxa6 Rxa6 18. Qxd4 Rxa5 19. Rad1 Bc5 20. Qxg7 Rf8 21. Rfe1 Be7 22. Ne4 Rf5 23.
Qd4 Qe5 24. Qa4+ Qb5 25. Qa8 Qc6 26. Rd3 Rd5 27. Rc3 Qb5 28. Rxc8+ Rd8 29.
Rxd8+ Bxd8 30. Nd6+ 1-0

[Event "DVM U10 2020"]
[Site "Magdeburg GER"]
[Date "2021.08.08"]
[Round "7"]
[White "Gulamzada, Elmir"]
[Black "Arne, Jonas"]
[Result "1-0"]
[Termination "normal"]
[Board "6.1"]
[WhiteElo "1390"]
[BlackElo "1205"]
[WhiteTeam "SV Werder Bremen"]
[BlackTeam "SC 1975 Bann"]
[PlyCount "69"]
[WhiteFideId "34604332"]
[BlackFideId "34640398"]
[EventCountry "GER"]
[EventRounds "7"]
[EventType "team-swiss"]
[EventDate "2021.08.06"]

{[%evp 0,39,18,11,62,62,66,66,78,40,54,-18,-2,1,36,-5,36,-21,38,22,29,25,29,24,
25,7,9,-14,-12,-20,-34,-53,6,-6,-1,0,20,15,15,7,41,5] normal} 1. e4 d6 2. d4
Nf6 3. Nc3 g6 4. Bb5+ c6 5. Ba4 b5 6. Bb3 Bg7 7. Nf3 O-O 8. O-O a5 9. a3 Bg4
10. h3 Bxf3 11. Qxf3 Nbd7 12. d5 b4 13. axb4 axb4 14. Rxa8 Qxa8 15. Ne2 c5 16.
c3 bxc3 17. Nxc3 Ne5 18. Qe2 Rb8 19. Ba4 Qa7 20. f4 Ned7 21. e5 Ne8 22. exd6
exd6 23. Qe7 Nef6 24. Qxd6 c4+ 25. Kh1 Rc8 26. Bxd7 Nxd7 27. Re1 Bf8 28. Re7
Bxe7 29. Qxe7 Qc7 30. Ne4 Nc5 31. Nf6+ Kh8 32. Qe3 Nd3 33. Bd2 Nxb2 34. Qd4 Qb7
35. Ne8+ 1-0

[Event "DVM U10 2020"]
[Site "Magdeburg GER"]
[Date "2021.08.08"]
[Round "7"]
[White "Klein, Levent"]
[Black "Zimmer, Tim"]
[Result "1-0"]
[Termination "normal"]
[Board "6.2"]
[WhiteElo "1229"]
[BlackElo "1013"]
[WhiteTeam "SC 1975 Bann"]
[BlackTeam "SV Werder Bremen"]
[PlyCount "81"]
[WhiteFideId "34611274"]
[BlackFideId "34603115"]
[EventCountry "GER"]
[EventRounds "7"]
[EventType "team-swiss"]
[EventDate "2021.08.06"]

{[%evp 0,46,18,19,19,4,8,8,22,-10,23,16,20,17,18,20,17,18,3,-9,-6,-10,21,-1,29,
12,11,9,21,2,-1,-8,-6,-18,-5,2,35,-3,-1,-15,26,26,27,27,62,28,103,98,90] normal
} 1. d4 d5 2. c4 e6 3. Nc3 Nf6 4. Bg5 Be7 5. Bxf6 Bxf6 6. e3 Nc6 7. Nf3 O-O 8.
cxd5 exd5 9. Bb5 Ne7 10. O-O Ng6 11. h3 Bf5 12. Rc1 c6 13. Bd3 Qd7 14. Qe2 Rfe8
15. Qd2 Be4 16. Bxe4 dxe4 17. Nh2 Nh4 18. Qe2 Qf5 19. Qg4 Qxg4 20. Nxg4 Be7 21.
Ne5 Bd6 22. Nc4 Bc7 23. d5 cxd5 24. Nxd5 Be5 25. Nxe5 Rxe5 26. Rfd1 Rg5 27. Nf4
Nf3+ 28. Kf1 Ne5 29. Rd5 Nd3 30. Rxg5 Nxc1 31. Re5 Rd8 32. Ke1 Nxa2 33. Rxe4 a5
34. Re7 b5 35. Rb7 b4 36. Rb5 a4 37. Nd5 Ra8 38. Ke2 Rf8 39. Kd2 Rd8 40. e4 f5
41. f3 1-0

[Event "DVM U10 2020"]
[Site "Magdeburg GER"]
[Date "2021.08.08"]
[Round "7"]
[White "Schube, Theresa"]
[Black "Klein, Deniz"]
[Result "1/2-1/2"]
[Termination "normal"]
[Board "6.3"]
[WhiteElo "1264"]
[BlackElo "949"]
[WhiteTeam "SV Werder Bremen"]
[BlackTeam "SC 1975 Bann"]
[PlyCount "110"]
[WhiteFideId "34608800"]
[BlackFideId "34611282"]
[EventCountry "GER"]
[EventRounds "7"]
[EventType "team-swiss"]
[EventDate "2021.08.06"]

{[%evp 0,35,19,11,46,46,46,39,56,79,66,12,30,15,9,9,0,5,-3,-5,0,-26,-2,-20,16,
-27,61,-27,-27,-27,-31,-32,-54,-86,-32,-37,-27,-21] normal} 1. e4 c5 2. Nf3 Nc6
3. Bb5 a6 4. Bxc6 bxc6 5. c4 g6 6. Qc2 Bg7 7. Nc3 d6 8. h3 Nf6 9. d3 O-O 10. b3
Bd7 11. Bb2 Rb8 12. O-O Qc8 13. Kh2 Nh5 14. Ne2 e5 15. Rab1 f5 16. Ng3 Nxg3 17.
fxg3 f4 18. gxf4 Rxf4 19. Ng1 Rf8 20. Qe2 a5 21. Rxf8+ Qxf8 22. Qf3 Qxf3 23.
Nxf3 Rf8 24. Bc1 Rb8 25. Bd2 a4 26. Bg5 axb3 27. Rxb3 Rxb3 28. axb3 Kf7 29. Bd8
h6 30. Bc7 Ke6 31. g4 g5 32. h4 Bf6 33. hxg5 hxg5 34. Kg2 Ke7 35. Kf2 Bxg4 36.
Kg3 Be6 37. Ba5 Kf7 38. Bd2 Kg6 39. Bc1 Kh5 40. Nh2 g4 41. Bd2 Bh4+ 42. Kg2 g3
43. Nf3 Kg4 44. Nxh4 Kxh4 45. Ba5 Bh3+ 46. Kg1 Kg4 47. Bc7 Kf3 48. Bxd6 Ke3 49.
Bxe5 Kxd3 50. Bxg3 Kxe4 51. Bd6 Kd4 52. Kf2 Bf5 53. b4 cxb4 54. Bxb4 Kxc4 55.
Bf8 Kd5 1/2-1/2

[Event "DVM U10 2020"]
[Site "Magdeburg GER"]
[Date "2021.08.08"]
[Round "7"]
[White "Steinbrenner, Peter"]
[Black "Marrufo, Adriana"]
[Result "0-1"]
[Termination "normal"]
[Board "6.4"]
[WhiteElo "940"]
[BlackElo "844"]
[WhiteTeam "SC 1975 Bann"]
[BlackTeam "SV Werder Bremen"]
[PlyCount "92"]
[WhiteFideId "34645535"]
[BlackFideId "34630252"]
[EventCountry "GER"]
[EventRounds "7"]
[EventType "team-swiss"]
[EventDate "2021.08.06"]

{[%evp 0,34,19,11,11,5,18,18,19,9,7,7,27,20,7,9,14,4,19,2,71,20,46,0,85,34,36,
27,180,39,65,24,155,12,97,33,142] normal} 1. e4 e5 2. Nc3 Nf6 3. Nf3 Nc6 4. Bc4
Bc5 5. d3 h6 6. O-O O-O 7. Be3 Bb6 8. d4 d6 9. d5 Nb4 10. a3 Na6 11. b4 c6 12.
Bxa6 bxa6 13. dxc6 Bc7 14. b5 axb5 15. Nxb5 Nh7 16. Nxa7 Be6 17. Nb5 Rc8 18. h3
Qf6 19. Nxd6 Rfd8 20. Bc5 Qg6 21. Nxe5 Qg5 22. Ng4 Qxc5 23. e5 f6 24. Nb7 Qxc6
25. Nxd8 Rxd8 26. Qe2 Rf8 27. exf6 Bc4 28. Qe3 Nxf6 29. Nxf6+ Rxf6 30. Qc3 Rg6
31. g3 Rg5 32. Rfe1 Rh5 33. f3 Bb6+ 34. Kg2 Rg5 35. h4 Rg6 36. Qd2 Ba6 37. Qf4
Bc7 38. Qb4 Bb6 39. Qb3+ Bc4 40. Qb2 Qc7 41. Re8+ Kh7 42. c3 Qxg3+ 43. Kh1 Bd5
44. Qe2 Bxf3+ 45. Qxf3 Qxf3+ 46. Kh2 Qg2# 0-1

[Event "DVM U10 2020"]
[Site "Magdeburg GER"]
[Date "2021.08.08"]
[Round "7"]
[White "Hellenbroich, Hanno"]
[Black "He, Saiqi"]
[Result "1/2-1/2"]
[Termination "normal"]
[Board "7.1"]
[WhiteElo "1287"]
[BlackElo "1116"]
[WhiteTeam "Lübecker SV von 1873"]
[BlackTeam "SchVgg Blankenese von 1923 e.V."]
[PlyCount "57"]
[WhiteFideId "16270762"]
[BlackFideId "16292723"]
[EventCountry "GER"]
[EventRounds "7"]
[EventType "team-swiss"]
[EventDate "2021.08.06"]

{[%evp 0,34,19,11,46,46,46,46,50,49,59,56,66,59,78,28,97,31,133,36,94,89,89,96,
96,-8,-10,-3,-16,-18,-20,-64,8,-2,16,-8,65] normal} 1. e4 c5 2. Nf3 e6 3. Nc3
Nc6 4. Bb5 a6 5. Bxc6 bxc6 6. d3 Nf6 7. Bg5 Be7 8. O-O Qc7 9. Re1 d6 10. e5
dxe5 11. Nxe5 O-O 12. Ne4 Nxe4 13. Bxe7 Nxf2 14. Kxf2 Qxe7 15. Re3 Qh4+ 16. Kg1
Qd4 17. Nc4 f5 18. Kh1 Bb7 19. Rxe6 Qd5 20. Re5 Qd4 21. c3 Qf2 22. Qd2 Qxd2 23.
Nxd2 Rad8 24. Re3 c4 25. d4 c5 26. Nxc4 cxd4 27. cxd4 Rxd4 28. b3 Rfd8 29. h3
1/2-1/2

[Event "DVM U10 2020"]
[Site "Magdeburg GER"]
[Date "2021.08.08"]
[Round "7"]
[White "Rosado de Nebendahl, Philippe"]
[Black "Kutz, Ida Klara"]
[Result "0-1"]
[Termination "normal"]
[Board "7.2"]
[WhiteElo "847"]
[BlackElo "1232"]
[WhiteTeam "SchVgg Blankenese von 1923 e.V."]
[BlackTeam "Lübecker SV von 1873"]
[PlyCount "58"]
[WhiteFideId "16292731"]
[BlackFideId "16296257"]
[EventCountry "GER"]
[EventRounds "7"]
[EventType "team-swiss"]
[EventDate "2021.08.06"]

{[%evp 0,33,19,19,27,9,32,37,36,23,21,27,30,-31,-27,-32,-50,-71,-85,-381,-168,
-163,-152,-157,-155,-173,-163,-170,-159,-147,-130,-156,-134,-156,-152,-161]
normal} 1. d4 Nf6 2. c4 g6 3. Nc3 Bg7 4. Bf4 O-O 5. e4 d6 6. Bd3 Nc6 7. Nge2 e5
8. Be3 Ng4 9. Qd2 Nxe3 10. fxe3 exd4 11. exd4 Nxd4 12. Nxd4 Bxd4 13. O-O-O Bf6
14. Kb1 Bg7 15. Rdf1 Qh4 16. Nd5 c6 17. Nb4 Qe7 18. Rf2 Qe5 19. Rc1 a5 20. Qc3
axb4 21. Qxe5 Bxe5 22. h3 Be6 23. c5 Bxa2+ 24. Kc2 dxc5 25. Kd2 Bxb2 26. Rxc5
Bd4 27. Ke2 Bxc5 28. Rf3 b5 29. Rg3 Bc4 0-1

[Event "DVM U10 2020"]
[Site "Magdeburg GER"]
[Date "2021.08.08"]
[Round "7"]
[White "Kutz, Paul Matti"]
[Black "Ueberholz, Lasse"]
[Result "1-0"]
[Termination "normal"]
[Board "7.3"]
[WhiteElo "1202"]
[BlackElo "995"]
[WhiteTeam "Lübecker SV von 1873"]
[BlackTeam "SchVgg Blankenese von 1923 e.V."]
[PlyCount "95"]
[WhiteFideId "16296265"]
[BlackFideId "16286766"]
[EventCountry "GER"]
[EventRounds "7"]
[EventType "team-swiss"]
[EventDate "2021.08.06"]

{[%evp 0,26,19,11,11,19,19,15,19,11,6,-3,35,28,28,22,33,39,39,-28,23,10,-2,-7,
19,-265,-267,-456,11] normal} 1. e4 e5 2. Nf3 Nc6 3. Bb5 Nf6 4. Bxc6 bxc6 5.
O-O Nxe4 6. Nxe5 Be7 7. d3 Nf6 8. Re1 O-O 9. Bf4 Bb7 10. Qe2 Bb4 11. c3 Be7 12.
Nxd7 Qxd7 13. Qxe7 Qxe7 14. Rxe7 Rfe8 15. Rxe8+ Rxe8 16. Nd2 Ba6 17. Bxc7 Bxd3
18. Nb3 Nd5 19. Bg3 Nf6 20. Bh4 Ne4 21. Rd1 f5 22. Rxd3 Nf6 23. Kf1 Nd5 24. c4
Nf4 25. Rd8 Rxd8 26. Bxd8 Nd3 27. Nd4 Nxb2 28. Nxc6 Nxc4 29. Nxa7 Kf7 30. a4
Nd6 31. a5 Nb7 32. Bb6 Ke6 33. a6 Nd6 34. Nc6 Nc4 35. Bc5 Kd5 36. a7 Kxc5 37.
a8=Q Nb6 38. Qb7 Kb5 39. Nd4+ Kc5 40. Ke2 Nd5 41. Nxf5 g6 42. Ne3 Nc3+ 43. Kd3
Nb5 44. Qd5+ Kb6 45. Nc4+ Ka6 46. Qc6+ Ka7 47. Qxb5 Ka8 48. Nd6 1-0

[Event "DVM U10 2020"]
[Site "Magdeburg GER"]
[Date "2021.08.08"]
[Round "7"]
[White "Steiner, Erik"]
[Black "Petridis, Ilias"]
[Result "1/2-1/2"]
[Termination "normal"]
[Board "7.4"]
[WhiteElo "1012"]
[BlackElo "1169"]
[WhiteTeam "SchVgg Blankenese von 1923 e.V."]
[BlackTeam "Lübecker SV von 1873"]
[PlyCount "103"]
[WhiteFideId "16292715"]
[BlackFideId "34617515"]
[EventCountry "GER"]
[EventRounds "7"]
[EventType "team-swiss"]
[EventDate "2021.08.06"]

{[%evp 0,57,19,19,19,19,19,10,12,7,7,7,14,9,4,21,15,-7,-3,-24,-27,-21,-18,-29,
-19,-107,-30,-222,-47,-50,-54,-52,-52,-65,-75,-64,-69,-57,-59,-57,-58,-55,-29,
-69,-74,-75,-7,-66,20,-68,-62,-60,-61,-75,-74,-100,-89,-88,-95,-106] normal} 1.
e4 e5 2. Nf3 Nc6 3. Bc4 Nf6 4. Nc3 Bc5 5. O-O O-O 6. d3 d6 7. Bg5 h6 8. Be3 Bb6
9. Nd5 Nxd5 10. exd5 Ne7 11. Qe2 Ng6 12. d4 Re8 13. Bb5 Bd7 14. dxe5 Nxe5 15.
Nxe5 Rxe5 16. Bxd7 Qxd7 17. Qd3 Rae8 18. Bxb6 axb6 19. h3 Qa4 20. Qc3 Rc8 21.
b3 Qb5 22. Rfe1 Rxd5 23. Qf3 Qc6 24. c4 Rg5 25. Qxc6 bxc6 26. Re2 Kf8 27. h4
Rg6 28. Rc1 Re6 29. Rec2 Rce8 30. c5 d5 31. cxb6 cxb6 32. Rxc6 Re1+ 33. Kh2
Rxc1 34. Rxc1 Re2 35. Kg3 Rxa2 36. Rc6 d4 37. Rd6 Ra3 38. Rxd4 Rxb3+ 39. f3 b5
40. Kf2 Rb2+ 41. Kf1 b4 42. g4 b3 43. Ke1 Ra2 44. Rb4 b2 45. Kd1 Ra3 46. f4
b1=Q+ 47. Rxb1 Rg3 48. Rb8+ Ke7 49. Rb7+ Kd6 50. Rxf7 Rxg4 51. h5 Rg1+ 52. Ke2
1/2-1/2

[Event "DVM U10 2020"]
[Site "Magdeburg GER"]
[Date "2021.08.08"]
[Round "7"]
[White "Fischer, Lorenz"]
[Black "Kommessin, Felix"]
[Result "1-0"]
[Termination "normal"]
[Board "8.1"]
[WhiteElo "1164"]
[BlackElo "1322"]
[WhiteTeam "Schachfreunde Tegernheim"]
[BlackTeam "Schachfreunde Brackel 1930 e. V."]
[PlyCount "93"]
[WhiteFideId "16296710"]
[BlackFideId "16294661"]
[EventCountry "GER"]
[EventRounds "7"]
[EventType "team-swiss"]
[EventDate "2021.08.06"]

{[%evp 0,29,19,19,19,19,18,10,10,-19,-7,-13,39,37,78,56,33,-51,56,61,61,25,233,
216,278,307,320,247,133,89,102,153] normal} 1. e4 e5 2. Nf3 Nc6 3. Bc4 Nf6 4.
d4 exd4 5. O-O Bc5 6. e5 d5 7. exf6 dxc4 8. Re1+ Be6 9. fxg7 Rg8 10. Bg5 Qd5
11. Nc3 Qd7 12. Ne4 Be7 13. Bxe7 Qxe7 14. Nxd4 O-O-O 15. Nxc6 bxc6 16. Qf3 Bd5
17. Nf6 Qxe1+ 18. Rxe1 Bxf3 19. Nxg8 Rxg8 20. gxf3 Rxg7+ 21. Kf1 Rg5 22. b3
cxb3 23. cxb3 Ra5 24. a4 Rf5 25. Kg2 Rg5+ 26. Kh3 Rd5 27. Re3 Kd7 28. f4 Rd2
29. Rf3 Re2 30. Kg4 Ke6 31. Re3+ Rxe3 32. fxe3 Kf6 33. e4 Kg6 34. b4 h5+ 35.
Kh4 Kh6 36. f5 f6 37. h3 Kh7 38. Kxh5 Kg7 39. Kg4 Kf7 40. Kf4 Ke7 41. e5 Kf7
42. e6+ Ke7 43. h4 Kd6 44. h5 Ke7 45. h6 Kf8 46. e7+ Kxe7 47. h7 1-0

[Event "DVM U10 2020"]
[Site "Magdeburg GER"]
[Date "2021.08.08"]
[Round "7"]
[White "Fischer, Quirin"]
[Black "Seling, Simon"]
[Result "1-0"]
[Termination "normal"]
[Board "8.3"]
[WhiteElo "1085"]
[BlackElo "836"]
[WhiteTeam "Schachfreunde Tegernheim"]
[BlackTeam "Schachfreunde Brackel 1930 e. V."]
[PlyCount "56"]
[WhiteFideId "34623787"]
[BlackFideId "34681809"]
[EventCountry "GER"]
[EventRounds "7"]
[EventType "team-swiss"]
[EventDate "2021.08.06"]

{[%evp 0,43,19,19,19,19,18,11,11,4,-4,-1,10,17,17,-20,-29,-33,12,12,32,-65,298,
329,325,361,361,379,349,350,394,289,289,222,213,191,280,286,341,341,374,635,
635,294,520,497] normal} 1. e4 e5 2. Nf3 Nc6 3. Bc4 Bc5 4. c3 Nf6 5. d4 exd4 6.
cxd4 Bb4+ 7. Nc3 Nxe4 8. O-O Nxc3 9. bxc3 Bxc3 10. Ba3 Bxa1 11. Re1+ Ne7 12.
Rxe7+ Qxe7 13. Bxe7 Kxe7 14. Qxa1 Re8 15. Qe1+ Kf8 16. Qb4+ d6 17. Ng5 Re7 18.
Nxh7+ Kg8 19. Ng5 c5 20. dxc5 dxc5 21. Qc3 Be6 22. Bxe6 fxe6 23. Qxc5 Rd8 24.
h3 Red7 25. Nxe6 Rd6 26. Qc4 Kf7 27. Nxd8+ Ke8 28. Nxb7 Kd7 1-0

[Event "DVM U10 2020"]
[Site "Magdeburg GER"]
[Date "2021.08.08"]
[Round "7"]
[White "Libert, Nick"]
[Black "Thanner, David"]
[Result "0-1"]
[Termination "normal"]
[Board "8.4"]
[WhiteElo "768"]
[BlackElo "902"]
[WhiteTeam "Schachfreunde Brackel 1930 e. V."]
[BlackTeam "Schachfreunde Tegernheim"]
[PlyCount "92"]
[WhiteFideId "34634088"]
[EventCountry "GER"]
[EventRounds "7"]
[EventType "team-swiss"]
[EventDate "2021.08.06"]

{[%evp 0,32,19,19,48,14,40,11,30,30,33,27,24,17,60,10,70,72,98,17,51,-32,-30,
-56,12,-28,52,49,72,-11,9,-10,5,-43,15] normal} 1. e4 c5 2. d4 cxd4 3. c3 dxc3
4. Nxc3 Nc6 5. Nf3 d6 6. Bc4 g6 7. Ng5 Ne5 8. Bb3 Bg7 9. Bf4 e6 10. Bxe5 Bxe5
11. Nf3 Bg7 12. Qc2 e5 13. Nd5 Qa5+ 14. Nc3 Nf6 15. O-O-O Qc5 16. Ba4+ Bd7 17.
Bxd7+ Nxd7 18. Nd5 Qxc2+ 19. Kxc2 O-O 20. Ne7+ Kh8 21. Rxd6 Nf6 22. Rd3 Nxe4
23. Re3 f5 24. Ng5 Nxg5 25. h4 Ne4 26. f3 Ng3 27. Rhe1 f4 28. Rb3 b6 29. Rb5
Rf7 30. Nc6 Rc8 31. Kb1 Rxc6 32. a3 a6 33. Rd5 Nf5 34. Rd8+ Rf8 35. Rdd1 Ne3
36. Rd2 Rc5 37. b4 Rb5 38. a4 Rxb4+ 39. Kc1 e4 40. g3 Bc3 41. gxf4 Bxd2+ 42.
Kxd2 Nc4+ 43. Kc3 Rxa4 44. Kb3 b5 45. Rxe4 Nd2+ 46. Kb2 Nxe4 0-1

[Event "DVM U10 2020"]
[Site "Magdeburg GER"]
[Date "2021.08.08"]
[Round "7"]
[White "Dietrich, Fabian"]
[Black "Blumenthal Tuset, Sebastian"]
[Result "0-1"]
[Termination "normal"]
[Board "9.1"]
[WhiteElo "1174"]
[BlackElo "1187"]
[WhiteTeam "SK Marburg 1931/72"]
[BlackTeam "SK Gräfelfing"]
[PlyCount "152"]
[WhiteFideId "34640240"]
[BlackFideId "34604286"]
[EventCountry "GER"]
[EventRounds "7"]
[EventType "team-swiss"]
[EventDate "2021.08.06"]

{[%evp 0,34,19,19,19,18,18,8,8,-7,-24,-81,-79,-54,-48,-48,-48,-61,-3,-5,-5,-5,
-5,-43,32,-20,0,-35,-39,-213,28,-23,-37,-34,-15,-140,-74] normal} 1. e4 e5 2.
Nf3 Nc6 3. d4 exd4 4. Bc4 Nf6 5. e5 d5 6. Bb5 Ne4 7. Nxd4 Bd7 8. Nxc6 Bxc6 9.
Bxc6+ bxc6 10. O-O Bc5 11. Qg4 Rg8 12. c4 Qd7 13. Qxd7+ Kxd7 14. Kh1 Be7 15.
cxd5 cxd5 16. Be3 Rgb8 17. Bd4 f6 18. f4 c5 19. exf6 Bxf6 20. Bxf6 Nxf6 21. b3
Re8 22. Nc3 d4 23. Nb5 Kc6 24. Na3 Re7 25. Nc4 Nd7 26. Rae1 Rae8 27. Rxe7 Rxe7
28. Na5+ Kc7 29. g3 Nb8 30. Rc1 Kb6 31. Nc4+ Kc6 32. Ne5+ Kd5 33. Nd3 Nd7 34.
Rc2 Re3 35. Nf2 Rc3 36. Re2 Re3 37. Rd2 Nf6 38. Nd3 c4 39. bxc4+ Kxc4 40. Ne5+
Kc3 41. Rf2 d3 42. Nf3 Ne4 43. Rg2 d2 44. Nxd2 Nxd2 45. h4 Re1+ 46. Kh2 Kd3 47.
g4 Re2 48. Rxe2 Kxe2 49. f5 Ne4 50. g5 a5 51. Kh3 Kf3 52. f6 gxf6 53. gxf6 Nxf6
54. h5 Nxh5 55. Kh4 Nf4 56. Kg5 Ke3 57. Kh6 Kd3 58. Kxh7 Kc3 59. Kh6 Kb2 60. a4
Kb3 61. Kg5 Kxa4 62. Kxf4 Kb4 63. Ke4 a4 64. Kd3 Kb3 65. Kd2 Kb2 66. Kd3 a3 67.
Kd4 a2 68. Ke4 a1=Q 69. Kd5 Qa4 70. Kc5 Kc3 71. Kb6 Qc4 72. Ka5 Qb4+ 73. Ka6
Kc4 74. Ka7 Kc5 75. Ka8 Kc6 76. Ka7 Qb7# 0-1

[Event "DVM U10 2020"]
[Site "Magdeburg GER"]
[Date "2021.08.08"]
[Round "7"]
[White "Barsov, Vladislav"]
[Black "Jung, Lukas"]
[Result "1-0"]
[Termination "normal"]
[Board "9.2"]
[WhiteElo "1083"]
[BlackElo "865"]
[WhiteTeam "SK Gräfelfing"]
[BlackTeam "SK Marburg 1931/72"]
[PlyCount "41"]
[WhiteFideId "34613757"]
[EventCountry "GER"]
[EventRounds "7"]
[EventType "team-swiss"]
[EventDate "2021.08.06"]

{[%evp 0,28,19,19,18,18,11,8,8,-32,-12,-40,26,33,39,-23,113,121,65,150,269,274,
671,723,1025,1056,1096,1159,1166,1172,1347] normal} 1. e4 e5 2. Nf3 Nc6 3. d4
exd4 4. Bc4 Nf6 5. O-O Bc5 6. e5 Ng4 7. c3 Ngxe5 8. Nxe5 Nxe5 9. Re1 Qf6 10.
cxd4 Bb6 11. Rxe5+ Kd8 12. Bg5 d6 13. Bxf6+ gxf6 14. Re1 Rg8 15. Nc3 Bh3 16. g3
f5 17. Nd5 c6 18. Nxb6 axb6 19. Qh5 Bg4 20. Qxh7 Rg5 21. Qh8+ 1-0

[Event "DVM U10 2020"]
[Site "Magdeburg GER"]
[Date "2021.08.08"]
[Round "7"]
[White "Piller, Rafael"]
[Black "Yaroshenko, Vladimir"]
[Result "0-1"]
[Termination "normal"]
[Board "9.3"]
[WhiteElo "931"]
[BlackElo "1097"]
[WhiteTeam "SK Marburg 1931/72"]
[BlackTeam "SK Gräfelfing"]
[PlyCount "68"]
[BlackFideId "34695699"]
[EventCountry "GER"]
[EventRounds "7"]
[EventType "team-swiss"]
[EventDate "2021.08.06"]

{[%evp 0,37,19,19,18,18,18,8,58,51,58,35,36,36,29,25,28,0,19,-34,-29,-11,25,17,
363,376,384,199,154,-46,-75,-70,-8,11,57,47,59,-45,-21,-45] normal} 1. e4 e5 2.
Nf3 Nc6 3. Nc3 Bc5 4. Nxe5 Nxe5 5. d4 Bd6 6. dxe5 Bxe5 7. Bc4 Nf6 8. Bg5 h6 9.
Bxf6 Qxf6 10. Nd5 Qd8 11. Qh5 O-O 12. Qxe5 Re8 13. Nf6+ gxf6 14. Qh5 Rxe4+ 15.
Be2 Kg7 16. O-O Re5 17. Qg4+ Rg5 18. Qe4 d5 19. Qd4 Bh3 20. g3 Bxf1 21. Bxf1
Qd6 22. h4 Re5 23. Qg4+ Kh8 24. Qf4 Rh5 25. Be2 Qxf4 26. gxf4 Rxh4 27. Rd1 Rg8+
28. Bg4 Rgxg4+ 29. Kf1 Rh1+ 30. Ke2 Rxd1 31. Kxd1 Rxf4 32. Kd2 h5 33. Ke3 Rg4
34. Kf3 Rg8 0-1

[Event "DVM U10 2020"]
[Site "Magdeburg GER"]
[Date "2021.08.08"]
[Round "7"]
[White "Bock, Leonas"]
[Black "Dütsch, Hannes"]
[Result "1-0"]
[Termination "normal"]
[Board "10.1"]
[WhiteElo "1278"]
[BlackElo "1156"]
[WhiteTeam "SSV Vimaria 91 Weimar"]
[BlackTeam "Schachklub Schweinfurt 2000 e.V."]
[PlyCount "107"]
[WhiteFideId "16287118"]
[BlackFideId "34605509"]
[EventCountry "GER"]
[EventRounds "7"]
[EventType "team-swiss"]
[EventDate "2021.08.06"]

{[%evp 0,46,19,19,27,27,55,40,28,7,3,4,6,2,11,6,14,-8,0,6,73,1,7,-6,29,32,85,
87,93,97,106,87,183,145,208,184,189,182,192,197,205,190,215,206,228,208,217,
200,426] normal} 1. d4 Nf6 2. Nf3 b6 3. e3 Bb7 4. Nbd2 e6 5. Bd3 Be7 6. b3 Nc6
7. Bb2 d5 8. Ne5 Nxe5 9. dxe5 Ne4 10. Bxe4 dxe4 11. Qg4 O-O 12. Nxe4 Bxe4 13.
Qxe4 a5 14. Rd1 Qc8 15. O-O b5 16. Qc6 Rb8 17. Rd7 Rb6 18. Qxc7 Qxc7 19. Rxc7
Re8 20. Ra7 a4 21. Bd4 Rc6 22. bxa4 bxa4 23. Rb1 Rxc2 24. Rxe7 Rec8 25. g3 h6
26. Rbb7 Rxa2 27. Rxf7 Rc1+ 28. Kg2 Rcc2 29. Rxg7+ Kf8 30. Kh3 a3 31. Rg6 Rc6
32. Rxh6 Kg8 33. Rf6 Rac2 34. Ra7 a2 35. Rff7 R6c4 36. Rfd7 Rxf2 37. e4 Rcc2
38. Bxf2 Rxf2 39. Rd8+ Rf8 40. Rxf8+ Kxf8 41. Rxa2 Ke7 42. Kh4 Kf8 43. g4 Kf7
44. Kh5 Ke7 45. g5 Kd7 46. Rc2 Ke7 47. g6 Kf8 48. Kh6 Ke7 49. g7 Kf7 50. Kh7
Ke7 51. g8=Q Kd7 52. Qf7+ Kd8 53. Ra2 Kc8 54. Ra8# 1-0

[Event "DVM U10 2020"]
[Site "Magdeburg GER"]
[Date "2021.08.08"]
[Round "7"]
[White "Dütsch, Kilian"]
[Black "Krömer, Antonius"]
[Result "1-0"]
[Termination "normal"]
[Board "10.2"]
[WhiteElo "864"]
[BlackElo "1041"]
[WhiteTeam "Schachklub Schweinfurt 2000 e.V."]
[BlackTeam "SSV Vimaria 91 Weimar"]
[PlyCount "33"]
[WhiteFideId "34605517"]
[BlackFideId "34660518"]
[EventCountry "GER"]
[EventRounds "7"]
[EventType "team-swiss"]
[EventDate "2021.08.06"]

{[%evp 0,33,19,19,20,21,29,21,19,0,28,34,36,24,28,28,19,14,-3,-22,-6,-12,-8,
-24,7,-50,-56,-54,-57,-47,-25,-27,204,204,29999,-30000] normal} 1. d4 d5 2. Bf4
e6 3. e3 Nf6 4. c3 Be7 5. Bd3 b6 6. Nf3 Bb7 7. Nbd2 Nbd7 8. Qc2 c5 9. Bg3 c4
10. Be2 O-O 11. Bd1 Ne4 12. Qc1 Nxg3 13. hxg3 Nf6 14. Bc2 Bd6 15. Qb1 Qe8 16.
Bxh7+ Nxh7 17. Qxh7# 1-0

[Event "DVM U10 2020"]
[Site "Magdeburg GER"]
[Date "2021.08.08"]
[Round "7"]
[White "Stadelmann, Henriette"]
[Black "Gerull, Luis"]
[Result "0-1"]
[Termination "normal"]
[Board "10.3"]
[WhiteElo "940"]
[BlackElo "854"]
[WhiteTeam "SSV Vimaria 91 Weimar"]
[BlackTeam "Schachklub Schweinfurt 2000 e.V."]
[PlyCount "67"]
[BlackFideId "34606270"]
[EventCountry "GER"]
[EventRounds "7"]
[EventType "team-swiss"]
[EventDate "2021.08.06"]

{[%evp 0,48,19,20,20,20,41,27,16,15,16,12,40,21,12,24,19,15,7,11,16,26,22,25,
26,6,58,70,223,-17,-30,-146,9,3,220,221,254,249,270,-84,-68,-73,-42,-581,-590,
-597,-221,-414,-414,-426,-516] normal} 1. d4 d5 2. Nf3 Bf5 3. e3 e6 4. Bd3 Bg6
5. O-O c6 6. b3 Bd6 7. Bb2 Nf6 8. Nbd2 Nbd7 9. Ne5 Qc7 10. f4 Bxd3 11. cxd3 h6
12. e4 g5 13. Qf3 O-O-O 14. Nxd7 Nxd7 15. fxg5 Rdf8 16. e5 hxg5 17. exd6 Qxd6
18. Qg3 Qe7 19. Ba3 Qxa3 20. Qxg5 Qd6 21. Rac1 Qxh2+ 22. Kf2 Rhg8 23. Qe3 Rxg2+
24. Ke1 Rfg8 25. Nf3 Qh3 26. Rd1 R8g3 27. Rd2 Rxd2 28. Qxd2 Rxf3 29. Rg1 Re3+
30. Kd1 Rxd3 31. Qxd3 Qxd3+ 32. Ke1 Nf6 33. Kf2 Ne4+ 34. Ke1 0-1